The tropical garden city : (Record no. 3694)

000 -LEADER
fixed length control field nam a22 a 4500
003 - CONTROL NUMBER IDENTIFIER
control field AKMAL
005 - DATE AND TIME OF LATEST TRANSACTION
control field 20170523152726.0
008 - FIXED-LENGTH DATA ELEMENTS--GENERAL INFORMATION
fixed length control field 170523s1990 my g 00 0 eng d
020 ## - INTERNATIONAL STANDARD BOOK NUMBER
International Standard Book Number 9679991512 (kkt):
Terms of availability Rgt 29.90
039 #9 - LEVEL OF BIBLIOGRAPHIC CONTROL AND CODING DETAIL [OBSOLETE]
Level of rules in bibliographic description 200906181119
Level of effort used to assign nonsubject heading access points faridah
Level of effort used to assign subject headings 200905151132
Level of effort used to assign classification avid3
Level of effort used to assign subject headings 200710041204
Level of effort used to assign classification rfid1
040 ## - CATALOGING SOURCE
Original cataloging agency AKMAL
Transcribing agency AKMAL
049 ## - LOCAL HOLDINGS (OCLC)
Holding library mal
082 04 - DEWEY DECIMAL CLASSIFICATION NUMBER
Classification number 711.5580913 SAL
090 2# - LOCALLY ASSIGNED LC-TYPE CALL NUMBER (OCLC); LOCAL CALL NUMBER (RLIN)
Classification number (OCLC) (R) ; Classification number, CALL (RLIN) (NR) 711.5580913
Local cutter number (OCLC) ; Book number/undivided call number, CALL (RLIN) SAL
090 ## - LOCALLY ASSIGNED LC-TYPE CALL NUMBER (OCLC); LOCAL CALL NUMBER (RLIN)
Classification number (OCLC) (R) ; Classification number, CALL (RLIN) (NR) 711.5580913
Local cutter number (OCLC) ; Book number/undivided call number, CALL (RLIN) SAL
100 ## - MAIN ENTRY--PERSONAL NAME
Personal name Salleh Mohd. Nor, Dato'
9 (RLIN) 7303
245 14 - TITLE STATEMENT
Title The tropical garden city :
Remainder of title : its creation and maintenance /
Statement of responsibility, etc. Salleh Mohd. Nor, Wong Yew Kwan, F.S.P. Ng
260 ## - PUBLICATION, DISTRIBUTION, ETC.
Place of publication, distribution, etc. Kuala Lumpur :
Name of publisher, distributor, etc. Forest Research Institute,
Date of publication, distribution, etc. 1990
300 ## - PHYSICAL DESCRIPTION
Extent 100p. :
Other physical details col. ill. ;
Dimensions 30cm
504 ## - BIBLIOGRAPHY, ETC. NOTE
Bibliography, etc. note Bibliography: p. 97
650 1# - SUBJECT ADDED ENTRY--TOPICAL TERM
Topical term or geographic name entry element Garden cities
Geographic subdivision Tropics
9 (RLIN) 7304
650 2# - SUBJECT ADDED ENTRY--TOPICAL TERM
Topical term or geographic name entry element Garden cities
Geographic subdivision Malaysia
Form subdivision Congresses
9 (RLIN) 7305
700 1# - ADDED ENTRY--PERSONAL NAME
Personal name Wong, Yew Kwan
9 (RLIN) 7306
700 1# - ADDED ENTRY--PERSONAL NAME
Personal name Ng, F. S. P.
Fuller form of name (Francis S. P.)
9 (RLIN) 7307
710 2# - ADDED ENTRY--CORPORATE NAME
Corporate name or jurisdiction name as entry element Institut Penyelidikan Perhutanan Malaysia
9 (RLIN) 7308
942 ## - ADDED ENTRY ELEMENTS (KOHA)
Source of classification or shelving scheme
Koha item type Book
Holdings
Withdrawn status Lost status Source of classification or shelving scheme Damaged status Not for loan Collection code Home library Current library Date acquired Inventory number Total Checkouts Full call number Barcode Date last seen Price effective from Koha item type
          NON-FICTION AKMAL Melaka AKMAL Melaka 23.05.2017 700140   711.5580913 SAL 201704821 23.05.2017 23.05.2017 Book
Pusat Sumber Maklumat Dato' Haji Sarmin Md Hussin, Akademi Kastam Diraja Malaysia, Melaka
Tel: 06-2331106 | Faks: 06-2313787